000 00355nam a2200133Ia 4500
003 GCL
008 140319s9999 xx 000 0 ara d
040 _aGCL /
_cGCL
082 0 4 _aط
_b398.22
_bك م
100 1 _aكامل كيلانى
245 1 0 _aالملك ميداس /
_cكامل كيلانى
300 _a32 ص
490 _aاساطير العالم
_v0
999 _c51220
_d51220